[Event "PHI-ch (Women)"]
[Site "Malolos City"]
[Date "2024.03.19"]
[Round "4"]
[White "Fronda Pascua, Jan Jodilyn"]
[Black "San Diego, Marie Antoinette"]
[Result "1-0"]
[WhiteElo "2053"]
[BlackElo "2060"]
[PlyCount "100"]
[EventDate "2024.03.17"]
[EventType "tourn"]
[EventRounds "11"]
[EventCountry "PHI"]
[SourceTitle "CB13_2024"]
[SourceDate "2024.03.27"]
[SourceVersion "1"]
[SourceVersionDate "2024.03.27"]
[SourceQuality "1"]

1. e4 c6 2. d4 d5 3. Nc3 dxe4 4. Nxe4 Nf6 5. Nxf6+ exf6 6. c3 Bd6 7. Bd3 0-0 8. Ne2 Re8 9. 0-0 Bg4 10. Qc2 Bxe2 11. Bxe2 Nd7 12. Bd3 g6 13. Bd2 f5 14. Rfe1 Qc7 15. g3 f4 16. Rxe8+ Rxe8 17. Re1 Rxe1+ 18. Bxe1 Nf6 19. c4 Qe7 20. Qe2 Qxe2 21. Bxe2 Ne4 22. g4 Kf8 23. Kg2 Ng5 24. Bf3 Ne6 25. d5 Nd4 26. dxc6 bxc6 27. h4 Ke7 28. Bc3 Be5 29. Bb4+ Kd7 30. b3 f6 31. h5 a6 32. Be4 Ke6 33. hxg6 hxg6 34. Bxg6 f3+ 35. Kf1 Bd6 36. Bc3 c5 37. Be4 Ke5 38. Bxf3 Bc7 39. Kg2 Kf4 40. Bd2+ Ke5 41. Bb7 Ne2 42. Kf3 Ng1+ 43. Ke3 a5 44. Bg2 Ke6 45. f4 f5 46. g5 Bxf4+ 47. Kxf4 Ne2+ 48. Ke3 Nd4 49. Bd5+ Ke5 50. Bc3 f4+ 1-0

[Event "Asian Games tt (Women)"]
[Site "Hangzhou"]
[Date "2023.10.02"]
[Round "4.11"]
[White "Fronda Pascua, Jan Jodilyn"]
[Black "Citra, Dewi Ardhiani Anast"]
[Result "1-0"]
[WhiteElo "2143"]
[BlackElo "2256"]
[PlyCount "109"]
[EventDate "2023.09.29"]
[EventType "team-tourn"]
[EventRounds "9"]
[EventCountry "CHN"]
[SourceTitle "EXT 2024"]
[Source "ChessBase"]
[SourceDate "2023.10.10"]
[SourceVersion "1"]
[SourceVersionDate "2023.10.10"]
[SourceQuality "1"]
[WhiteTeam "Philippines (W)"]
[BlackTeam "Indonesia (W)"]
[WhiteTeamCountry "PHI"]
[BlackTeamCountry "INA"]

1. e4 g6 2. d4 Bg7 3. Nf3 d6 4. h3 c5 5. c3 cxd4 6. cxd4 Nf6 7. Nc3 0-0 8. Bd3 Nc6 9. 0-0 a6 10. Re1 Nd7 11. Be3 b5 12. Qd2 Re8 13. Rac1 Bb7 14. a4 Na5 15. Qe2 Nb3 16. Rc2 bxa4 17. Nxa4 Qa5 18. Nc3 e5 19. dxe5 Nxe5 20. Bc4 Qb4 21. Nxe5 dxe5 22. Nd5 Bxd5 23. Bxd5 Rac8 24. Rd1 Nd4 25. Bxd4 Rxc2 26. Qxc2 exd4 27. Rd3 Be5 28. g3 Rf8 29. Kg2 a5 30. Rb3 Qd6 31. Rb5 Qd8 32. Qd2 a4 33. Qc2 Qc8 34. Qxa4 d3 35. Bc4 Qd7 36. Qd1 Qe7 37. Bd5 Qf6 38. b3 Bd4 39. Qd2 Rc8 40. Bc4 Rc7 41. Ra5 Kg7 42. Ra2 Rd7 43. Qxd3 Ra7 44. e5 Qb6 45. Rxa7 Qxa7 46. f4 Qa8+ 47. Qf3 Qa1 48. Qf1 Qa8+ 49. Kh2 Bc5 50. Qg2 Qa1 51. h4 Qa7 52. Qc6 h5 53. Qf6+ Kf8 54. e6 Bg1+ 55. Kh1 1-0

[Event "Asia zt 3.3 (Women)"]
[Site "Jakarta"]
[Date "2023.05.09"]
[Round "5"]
[White "Fronda Pascua, Jan Jodilyn"]
[Black "Walukow, Theodora Paulina"]
[Result "1-0"]
[WhiteElo "2154"]
[BlackElo "1814"]
[PlyCount "78"]
[EventDate "2023.05.06"]
[EventType "swiss"]
[EventRounds "9"]
[EventCountry "INA"]
[SourceTitle "CBM 214 Extra"]
[Source "ChessBase"]
[SourceDate "2023.07.31"]
[SourceVersion "1"]
[SourceVersionDate "2023.07.31"]
[SourceQuality "1"]

1. e4 e5 2. Nf3 Nc6 3. Bb5 a6 4. Ba4 Nf6 5. 0-0 b5 6. Bb3 Be7 7. d3 d6 8. a3 0-0 9. Nc3 Bg4 10. h3 Bh5 11. g4 Nxg4 12. hxg4 Bxg4 13. Be3 Na5 14. Ba2 Kh8 15. Kg2 f5 16. Rh1 Qe8 17. Qg1 f4 18. Bd2 Qg6 19. Kf1 Rf6 20. Nh4 Qh5 21. Nd5 Nc6 22. Nxf6 Bxf6 23. Nf5 Be2+ 24. Ke1 Qf3 25. Qh2 h5 26. Bd5 g6 27. Bxc6 Rg8 28. Nh4 Bxh4 29. Qxh4 g5 30. Qh3 h4 31. Qxf3 Bxf3 32. Rh2 Rg7 33. Bc3 Rh7 34. d4 g4 35. dxe5 g3 36. exd6+ Kg8 37. fxg3 fxg3 38. d7 Rxd7 39. Rxh4 g2 1-0

[Event "Olympiad Women-44"]
[Site "Chennai"]
[Date "2022.08.06"]
[Round "8.2"]
[White "Fronda Pascua, Jan Jodilyn"]
[Black "Urh, Zala"]
[Result "1-0"]
[WhiteElo "2181"]
[BlackElo "2321"]
[PlyCount "81"]
[EventDate "2022.07.29"]
[EventType "team-swiss"]
[EventRounds "11"]
[EventCountry "IND"]
[SourceTitle "CBM 210"]
[Source "ChessBase"]
[SourceDate "2022.10.31"]
[SourceVersion "1"]
[SourceVersionDate "2022.10.31"]
[SourceQuality "1"]
[WhiteTeam "Philippines (W)"]
[BlackTeam "Slovenia (W)"]
[WhiteTeamCountry "PHI"]
[BlackTeamCountry "SLO"]

1. e4 c6 2. d4 d5 3. e5 c5 4. c3 Nc6 5. Nf3 Bg4 6. Nbd2 e6 7. h3 Bh5 8. Be2 Be7 9. 0-0 cxd4 10. cxd4 Nh6 11. a3 Qb6 12. Qa4 Bxf3 13. Nxf3 Nf5 14. Rd1 h5 15. b4 Rc8 16. b5 Na5 17. Bd2 Nc4 18. Rac1 Nxd4 19. Nxd4 Qxd4 20. b6+ Kf8 21. bxa7 Ra8 22. Rxc4 dxc4 23. Bb4 Qb6 24. Rd7 Bxb4 25. Qxb4+ Qxb4 26. axb4 g6 27. Rxb7 c3 28. Bd1 Kg7 29. b5 Rhd8 30. Bb3 Rac8 31. Bc2 Kf8 32. b6 Ke8 33. h4 Kf8 34. Kf1 Ke8 35. Ke1 Kf8 36. Rc7 Rxc7 37. bxc7 Rc8 38. Be4 c2 39. Bxc2 Ke7 40. Be4 Kd7 41. Bb7 1-0

[Event "Olympiad Women-44"]
[Site "Chennai"]
[Date "2022.08.02"]
[Round "5.2"]
[White "Peng, Zhaoqin"]
[Black "Fronda Pascua, Jan Jodilyn"]
[Result "1-0"]
[WhiteElo "2349"]
[BlackElo "2181"]
[PlyCount "83"]
[EventDate "2022.07.29"]
[EventType "team-swiss"]
[EventRounds "11"]
[EventCountry "IND"]
[SourceTitle "CBM 210"]
[Source "ChessBase"]
[SourceDate "2022.10.31"]
[SourceVersion "1"]
[SourceVersionDate "2022.10.31"]
[SourceQuality "1"]
[WhiteTeam "Netherlands (W)"]
[BlackTeam "Philippines (W)"]
[WhiteTeamCountry "NED"]
[BlackTeamCountry "PHI"]

1. Nf3 d5 2. e3 c6 3. c4 e6 4. b3 Nf6 5. Bb2 Nbd7 6. Be2 Bd6 7. d4 Qe7 8. Nc3 0-0 9. Qc2 b6 10. 0-0 Bb7 11. Rad1 Rac8 12. Bd3 e5 13. dxe5 Nxe5 14. Nxe5 Qxe5 15. g3 Qh5 16. Be2 Qh3 17. Rd4 Be5 18. Rh4 Qe6 19. Bg4 Qe7 20. Bxc8 Rxc8 21. Rd1 Qe6 22. c5 Re8 23. Na4 b5 24. Nc3 g5 25. Rh6 Kg7 26. Rxf6 Bxf6 27. Ne2 Bxb2 28. Qxb2+ f6 29. Nd4 Qe4 30. Qb1 Qg4 31. f3 Qh3 32. Nf5+ Kf8 33. Qd3 Bc8 34. Nd6 Re7 35. Qd4 Kg7 36. e4 Be6 37. Re1 Bf7 38. e5 f5 39. e6+ Kg6 40. Nxf7 f4 41. Qe5 fxg3 42. Qxg5# 1-0

[Event "Olympiad Women-44"]
[Site "Chennai"]
[Date "2022.07.29"]
[Round "1.1"]
[White "Ollet, Myra"]
[Black "Fronda Pascua, Jan Jodilyn"]
[Result "0-1"]
[WhiteElo "1480"]
[BlackElo "2181"]
[PlyCount "54"]
[EventDate "2022.07.29"]
[EventType "team-swiss"]
[EventRounds "11"]
[EventCountry "IND"]
[SourceTitle "CBM 210"]
[Source "ChessBase"]
[SourceDate "2022.10.31"]
[SourceVersion "1"]
[SourceVersionDate "2022.10.31"]
[SourceQuality "1"]
[WhiteTeam "Guam (W)"]
[BlackTeam "Philippines (W)"]
[WhiteTeamCountry "GMA"]
[BlackTeamCountry "PHI"]

1. d4 Nf6 2. c4 e6 3. Nc3 d5 4. c5 c6 5. Bf4 Nbd7 6. Nf3 Be7 7. h3 0-0 8. e3 Ne4 9. Bd3 Nxc3 10. bxc3 b6 11. cxb6 axb6 12. 0-0 Ba6 13. Re1 Bxd3 14. Qxd3 Ra3 15. Nd2 Qa8 16. Qc2 c5 17. Nf3 Rc8 18. Ne5 Nxe5 19. dxe5 Qa5 20. Rec1 Ra8 21. Qb2 g5 22. Bg3 Rxa2 23. Rxa2 Qxa2 24. Qxb6 h5 25. f4 Qd2 26. Re1 Ra2 27. Qb8+ Kg7 0-1

[Event "SEA Games (Women) 31st"]
[Site "Ha Long"]
[Date "2022.05.15"]
[Round "9"]
[White "Fronda Pascua, Jan Jodilyn"]
[Black "Gong, Qianyun"]
[Result "1/2-1/2"]
[WhiteElo "2141"]
[BlackElo "2348"]
[PlyCount "62"]
[EventDate "2022.05.10"]
[EventType "tourn"]
[EventRounds "9"]
[EventCountry "VIE"]
[SourceTitle "CBM 208 Extra"]
[Source "ChessBase"]
[SourceDate "2022.07.31"]
[SourceVersion "1"]
[SourceVersionDate "2022.07.31"]
[SourceQuality "1"]

1. e4 e6 2. d4 d5 3. Nd2 h6 4. Ngf3 Nf6 5. Bd3 c5 6. exd5 exd5 7. dxc5 Bxc5 8. Qe2+ Be7 9. 0-0 0-0 10. c3 Nc6 11. Bc2 Bg4 12. Nb3 Bd6 13. Qd3 Bh5 14. Nbd4 Ne4 15. Nf5 Bc7 16. N3d4 Bg6 17. Qh3 Nxd4 18. Nxd4 Bb6 19. Be3 Bxd4 20. Bxe4 Bxe3 21. Bxg6 Bxf2+ 22. Rxf2 fxg6 23. Qe6+ Kh7 24. Rxf8 Qxf8 25. Qxd5 Qe7 26. Rd1 Rf8 27. Qd2 Qc5+ 28. Qd4 Qh5 29. Re1 Qb5 30. b3 b6 31. h3 Rf7 1/2-1/2

[Event "SEA Games (Women) 31st"]
[Site "Ha Long"]
[Date "2022.05.13"]
[Round "6"]
[White "Hoang, Thi Bao Tram"]
[Black "Fronda Pascua, Jan Jodilyn"]
[Result "1-0"]
[WhiteElo "2272"]
[BlackElo "2141"]
[PlyCount "113"]
[EventDate "2022.05.10"]
[EventType "tourn"]
[EventRounds "9"]
[EventCountry "VIE"]
[SourceTitle "CBM 208 Extra"]
[Source "ChessBase"]
[SourceDate "2022.07.31"]
[SourceVersion "1"]
[SourceVersionDate "2022.07.31"]
[SourceQuality "1"]

1. d4 d5 2. Nf3 Nf6 3. g3 Bg4 4. Bg2 e6 5. c4 c6 6. Qb3 Bxf3 7. Bxf3 Qb6 8. 0-0 Nbd7 9. Rd1 dxc4 10. Qxc4 Bd6 11. Nc3 0-0 12. Bf4 e5 13. Be3 Qb4 14. Qxb4 Bxb4 15. d5 e4 16. Nxe4 Nxd5 17. Bd4 Be7 18. Nc3 N5f6 19. Rac1 Rfd8 20. h3 Nb6 21. Ne4 Nbd7 22. Rd3 Nxe4 23. Bxe4 Nf6 24. Bf3 h6 25. Rcd1 Kf8 26. e3 Ke8 27. Rb3 Rab8 28. Bxa7 Rxd1+ 29. Bxd1 Rd8 30. Bf3 Rd7 31. Bd4 Kf8 32. Kf1 g6 33. a4 Bd8 34. Ke2 Ke7 35. Bg2 Ke6 36. h4 Ne8 37. Rd3 f5 38. b4 Be7 39. Rb3 Nf6 40. b5 c5 41. Ba1 b6 42. a5 Ne4 43. Bxe4 fxe4 44. a6 h5 45. Rb1 Bd6 46. Rd1 Rf7 47. Bc3 Rf8 48. Bg7 Rc8 49. Kd2 Rc7 50. Bh6 c4 51. Kc2 Rf7 52. Bf4 Bxf4 53. gxf4 Kf5 54. Rd6 Kg4 55. Rxb6 Kf3 56. Rb7 Rf8 57. a7 1-0

[Event "Titled Tuesday intern op 01st Feb-A"]
[Site "Chess.com INT"]
[Date "2022.02.01"]
[Round "5"]
[White "Fronda Pascua, Jan Jodilyn"]
[Black "Politov, Pavel Y"]
[Result "0-1"]
[WhiteElo "2129"]
[BlackElo "2190"]
[PlyCount "132"]
[EventDate "2022.02.01"]
[EventType "swiss (blitz)"]
[EventRounds "11"]
[EventCountry "USA"]
[SourceTitle "CBM 206 Extra"]
[Source "ChessBase"]
[SourceDate "2022.03.31"]
[SourceVersion "1"]
[SourceVersionDate "2022.03.31"]
[SourceQuality "1"]

1. e4 c5 2. c3 Nf6 3. e5 Nd5 4. Nf3 Nc6 5. Bc4 Nb6 6. Bb3 d5 7. exd6 Qxd6 8. 0-0 Bf5 9. Na3 Bd3 10. Re1 e6 11. Bc2 0-0-0 12. Bxd3 Qxd3 13. Re3 Qd7 14. d3 Bd6 15. Nc4 Nxc4 16. Re1 N4e5 17. Ng5 Nxd3 18. Rf1 Nxc1 19. Qxc1 Qc7 20. Nf3 Ne5 21. Nxe5 Bxe5 22. f4 Bf6 23. Qe3 Rd6 24. Rae1 Rhd8 25. g3 Rd3 26. Qe4 Rd2 27. Re2 Rxe2 28. Qxe2 Qc6 29. Rd1 Rxd1+ 30. Qxd1 Qd5 31. Qe2 c4 32. Qe3 Be7 33. Kf1 Bc5 34. Qe5 Qxe5 35. fxe5 Kd7 36. Ke2 Kc6 37. b4 cxb3 38. axb3 Kd5 39. b4 Be7 40. Kd3 Kxe5 41. Kc4 a6 42. Kd3 b5 43. Ke3 Kd5 44. Kd3 e5 45. h4 e4+ 46. Ke3 Bf6 47. Kd2 Kc4 48. Ke3 Bxc3 49. Kxe4 Bxb4 50. g4 a5 51. Kf5 a4 52. h5 a3 53. h6 g6+ 54. Kf6 a2 55. Kg7 a1Q+ 56. Kxh7 Qh1 57. g5 Bf8 58. Kg8 Bxh6 59. gxh6 Qxh6 60. Kxf7 g5 61. Ke7 g4 62. Kd7 g3 63. Kc7 g2 64. Kb7 g1Q 65. Kc7 Qgb6+ 66. Kc8 Qhe6# 0-1

[Event "Titled Tuesday intern op 01st Feb-A"]
[Site "Chess.com INT"]
[Date "2022.02.01"]
[Round "1"]
[White "Fronda Pascua, Jan Jodilyn"]
[Black "Shipov, Sergei"]
[Result "0-1"]
[WhiteElo "2129"]
[BlackElo "2541"]
[PlyCount "120"]
[EventDate "2022.02.01"]
[EventType "swiss (blitz)"]
[EventRounds "11"]
[EventCountry "USA"]
[SourceTitle "CBM 206 Extra"]
[Source "ChessBase"]
[SourceDate "2022.03.31"]
[SourceVersion "1"]
[SourceVersionDate "2022.03.31"]
[SourceQuality "1"]

1. e4 e6 2. d4 d5 3. Nc3 Bb4 4. e5 c5 5. a3 Bxc3+ 6. bxc3 Nc6 7. Qg4 g6 8. Bg5 Qa5 9. Bd2 Qa4 10. Nf3 Bd7 11. Be2 c4 12. 0-0 f5 13. exf6 Nxf6 14. Qh4 Ne4 15. Rfe1 0-0 16. Bh6 Rf5 17. Rab1 b6 18. Ng5 Nxg5 19. Bxg5 Qxc2 20. Bg4 Rf7 21. Bxe6 Bxe6 22. Rbc1 Qf5 23. Re2 Bc8 24. Rce1 Bd7 25. h3 h5 26. Bh6 Kh7 27. Bd2 Qd3 28. g4 Rg8 29. Kh2 Rf3 30. Re3 Rxe3 31. Bxe3 Qe4 32. Qg5 Kg7 33. Bd2 Qf3 34. Qh6+ Kf7 35. Be3 hxg4 36. hxg4 Qxg4 37. Rg1 Qh5+ 38. Kg2 Qxh6 39. Bxh6 g5 40. Kf1 g4 41. Bf4 Rh8 42. Rg3 Rh3 43. Kg2 Ne7 44. Bb8 a6 45. Bc7 b5 46. Bd6 Nf5 47. Rxh3 gxh3+ 48. Kxh3 Nxd6+ 49. Kg3 Ne4+ 50. Kf4 Nxc3 51. Ke5 a5 52. f4 b4 53. axb4 axb4 54. f5 Bxf5 55. Kxf5 b3 56. Ke5 b2 57. Kd6 b1Q 58. Kc5 Qb5+ 59. Kd6 Qb6+ 60. Ke5 Qf6# 0-1

[Event "Asian Online (Women)"]
[Site "Tornelo INT"]
[Date "2021.08.25"]
[Round "8"]
[White "Dauletova, Gulmira"]
[Black "Fronda Pascua, Jan Jodilyn"]
[Result "0-1"]
[WhiteElo "2257"]
[BlackElo "2152"]
[PlyCount "100"]
[EventDate "2021.08.23"]
[EventType "swiss (rapid)"]
[EventRounds "9"]
[EventCountry "NET"]
[SourceTitle "CBM 204 Extra"]
[Source "ChessBase"]
[SourceDate "2021.11.30"]
[SourceVersion "1"]
[SourceVersionDate "2021.11.30"]
[SourceQuality "1"]

1. e4 c5 2. Nf3 e6 3. d4 cxd4 4. Nxd4 Nc6 5. Nc3 Qc7 6. Ndb5 Qb8 7. g3 a6 8. Nd4 Qc7 9. Bg2 Nf6 10. 0-0 Nxd4 11. Qxd4 Bc5 12. Bf4 d6 13. Qd3 Nd7 14. Rad1 Ne5 15. Qe2 b5 16. h4 Bb7 17. h5 h6 18. Kh1 Rc8 19. a4 b4 20. Nb1 0-0 21. Bc1 f5 22. Bf4 Bb6 23. c3 a5 24. cxb4 axb4 25. Rc1 Qf7 26. Nd2 Ng4 27. Bh3 Qxh5 28. Kg2 Ne3+ 29. Qxe3 Bxe3 30. Bxe3 Rxc1 31. Rxc1 Rc8 32. Rxc8+ Bxc8 33. exf5 Bb7+ 34. f3 exf5 35. Bf4 Qe8 36. Kf2 Ba6 37. Be3 Qxa4 38. Bxf5 Qd1 39. Be6+ Kh8 40. Bc4 Bxc4 41. Nxc4 Qc2+ 42. Nd2 Qxb2 43. f4 Qc3 44. Ke2 b3 45. Nxb3 Qxb3 46. Kf3 d5 47. Ke2 Qc4+ 48. Kd2 d4 49. Bf2 Qc3+ 50. Ke2 d3+ 0-1

[Event "Asian Online (Women)"]
[Site "Tornelo INT"]
[Date "2021.08.25"]
[Round "7"]
[White "Fronda Pascua, Jan Jodilyn"]
[Black "Nguyen, Thi Mai Hung"]
[Result "1/2-1/2"]
[WhiteElo "2152"]
[BlackElo "2254"]
[PlyCount "70"]
[EventDate "2021.08.23"]
[EventType "swiss (rapid)"]
[EventRounds "9"]
[EventCountry "NET"]
[SourceTitle "CBM 204 Extra"]
[Source "ChessBase"]
[SourceDate "2021.11.30"]
[SourceVersion "1"]
[SourceVersionDate "2021.11.30"]
[SourceQuality "1"]

1. e4 e6 2. d4 d5 3. exd5 exd5 4. Nf3 Bd6 5. Bd3 Nc6 6. h3 Nge7 7. 0-0 Bf5 8. Nc3 Qd7 9. Nb5 0-0 10. Re1 Rfe8 11. Nxd6 Qxd6 12. Bg5 f6 13. Be3 a6 14. Qd2 Bxd3 15. Bf4 Qd7 16. Qxd3 Ng6 17. Bg3 Nce7 18. Qb3 c6 19. Re2 Nf5 20. Rae1 Rxe2 21. Rxe2 Nxg3 22. fxg3 Ne7 23. Qb4 Nf5 24. g4 Nd6 25. g5 fxg5 26. Nxg5 h6 27. Ne6 Ne4 28. Nc5 Nxc5 29. Qxc5 Re8 30. Rxe8+ Qxe8 31. Qb6 Qe3+ 32. Kh2 Qf4+ 33. Kg1 Qc1+ 34. Kh2 Qf4+ 35. Kg1 Qc1+ 1/2-1/2

[Event "Speed Chess (Women) Q6"]
[Site "Chess.com INT"]
[Date "2021.06.05"]
[Round "3"]
[White "Fronda Pascua, Jan Jodilyn"]
[Black "Vu, Bui Thi Thanh Van"]
[Result "1-0"]
[WhiteElo "2152"]
[BlackElo "1750"]
[PlyCount "61"]
[EventDate "2021.06.05"]
[EventType "swiss (blitz)"]
[EventRounds "13"]
[EventCountry "USA"]
[SourceTitle "CBM 202 Extra"]
[Source "ChessBase"]
[SourceDate "2021.07.31"]
[SourceVersion "1"]
[SourceVersionDate "2021.07.31"]
[SourceQuality "1"]

1. e4 e6 2. d4 d5 3. exd5 exd5 4. Nf3 Bg4 5. c4 Nf6 6. Nc3 Be7 7. Bd3 dxc4 8. Bxc4 Nbd7 9. 0-0 Nb6 10. Bxf7+ Kf8 11. Bb3 c6 12. h3 Bh5 13. Re1 Nbd5 14. Nxd5 cxd5 15. Bg5 Qd6 16. Qd3 h6 17. Bxf6 Bxf6 18. Qf5 Bf7 19. Ne5 Rd8 20. Nxf7 Kxf7 21. Re5 Rhf8 22. Rxd5 Qe6 23. Qxe6+ Kxe6 24. Rxd8+ Ke7 25. Rxf8 Kxf8 26. Re1 Bxd4 27. Rd1 Bxb2 28. Rd7 Bf6 29. Rxb7 Ke8 30. Rxa7 Kd8 31. Rf7 1-0

[Event "Titled Tuesday intern op 03rd Nov"]
[Site "Chess.com INT"]
[Date "2020.11.03"]
[Round "1"]
[White "Fronda Pascua, Jan Jodilyn"]
[Black "Jumabayev, Rinat"]
[Result "0-1"]
[WhiteElo "2152"]
[BlackElo "2654"]
[PlyCount "98"]
[EventDate "2020.11.03"]
[EventType "swiss (blitz)"]
[EventRounds "11"]
[EventCountry "USA"]
[SourceTitle "CBM 199 Extra"]
[Source "ChessBase"]
[SourceDate "2021.01.31"]
[SourceVersion "1"]
[SourceVersionDate "2021.01.31"]
[SourceQuality "1"]

1. d4 Nf6 2. c4 e6 3. g3 c5 4. Nf3 cxd4 5. Nxd4 Nc6 6. Bg2 Qb6 7. e3 Bb4+ 8. Nc3 Ne5 9. Qe2 Qc5 10. 0-0 Bxc3 11. bxc3 Nxc4 12. a4 a6 13. Rd1 d5 14. e4 Nxe4 15. Bxe4 dxe4 16. Qxe4 0-0 17. Bf4 e5 18. Nb3 Qc7 19. Be3 Nxe3 20. Qxe3 Bg4 21. f3 Be6 22. Nc5 Bc4 23. Rab1 b5 24. Nd7 Rfe8 25. Nb6 Rab8 26. a5 Be6 27. Rd3 Bf5 28. Rbd1 Bxd3 29. Rxd3 Rbd8 30. Nd5 Qxa5 31. Qg5 Kh8 32. Kg2 h6 33. Qe3 Qa2+ 34. Rd2 Qc4 35. Nb4 Rxd2+ 36. Qxd2 a5 37. Nc2 Qc7 38. Ne3 Rd8 39. Qa2 Qa7 40. Nf5 a4 41. h4 a3 42. h5 Kg8 43. Kh3 Qd7 44. g4 Qb7 45. Kg3 Ra8 46. Nd6 Qd7 47. Nf5 Qe6 48. Qe2 a2 49. Qe4 a1Q 0-1

[Event "Titled Tuesday intern op 27th Oct"]
[Site "Chess.com INT"]
[Date "2020.10.27"]
[Round "7"]
[White "Fernandez Siles, Luis"]
[Black "Fronda Pascua, Jan Jodilyn"]
[Result "1-0"]
[WhiteElo "2256"]
[BlackElo "2152"]
[PlyCount "67"]
[EventDate "2020.10.27"]
[EventType "swiss (blitz)"]
[EventRounds "11"]
[EventCountry "USA"]
[SourceTitle "CBM 199 Extra"]
[Source "ChessBase"]
[SourceDate "2021.01.31"]
[SourceVersion "1"]
[SourceVersionDate "2021.01.31"]
[SourceQuality "1"]

1. e4 e6 2. d4 d5 3. Nd2 Nf6 4. Bd3 c5 5. c3 Nc6 6. Ngf3 cxd4 7. cxd4 dxe4 8. Nxe4 Be7 9. Nc3 h6 10. 0-0 0-0 11. Re1 b6 12. Be3 Bb7 13. Ne5 Nb4 14. Bb1 Rc8 15. Qd2 Re8 16. Bxh6 gxh6 17. Qxh6 Bf8 18. Qg5+ Bg7 19. Re3 Nfd5 20. Qh5 Bxe5 21. Rxe5 Qf6 22. Bh7+ Kf8 23. Ne4 Qg7 24. Rg5 Nf4 25. Qh4 Ne2+ 26. Kh1 Bxe4 27. Rxg7 Kxg7 28. Qxe4 Nd5 29. Qxe2 Kxh7 30. Qh5+ Kg7 31. Qg4+ Kf6 32. Re1 Ke7 33. Qg5+ Kd7 34. Qg7 1-0